000 00814nam a2200277Ia 4500
003 GCL
008 140319s9999 xx 000 0 ara d
040 _aGCL /
_cGCL
082 0 4 _a640
_bد م
100 1 _aداود، جيد لولو
245 1 0 _aالمرجع فى التربية الاسرية /
_cداود، جيد لولو
700 1 _aكوثر حسين كوجاك
260 _a[S.N] :
_bعالم الكتب الحديث ،
_c1993
300 _a541 ص
490 _a
650 0 4 _aالزينة
650 0 4 _aالاقتصاد المنزلى
650 0 4 _aشغل الابرة
650 0 4 _aالاثاث
650 0 4 _aالتعليم النسوى
650 0 4 _aالحياكة
650 0 4 _aميزانية
650 0 4 _aميزانية الاسرة
650 0 4 _aالطهى
942 _2ddc
_cBK
999 _c32516
_d32516